000 01618cam a22003493a 4500
001 2730
005 20240111122626.0
020 _a0786845430
040 _aCO2
_cCO2
_dDLC
_beng
082 _a813
100 _aJones, Jasmine
245 0 0 _aNew kid in school /
_cadapted by Jasmine Jones ; based on the series created by Terri Minsky. Part one is based on a teleplay written by Melissa Gould. Part two is based on a teleplay written by Douglas Tuber & Tim Maile.
250 _aFirst Edition
260 _aNew York :
_bDisney Press/Volo,
_c2003
300 _a138 pages :
_billustrations ;
_c20 cm
490 1 _aLizzie McGuire ;
_vBook 6
500 _a"From the hit TV series on Disney channel"--Cover.
500 _aBased on the series created by Terri Minsky. Part one is based on a teleplay written by Melissa Gould; part two is based on a teleplay written by Nina G. Bargiel and Jeremy J. Bargiel.
505 _aN
520 _aLizzie can't believe it, her crush boy Ethan Craft actually wants to have lunch with her Not only that but he'll get to meet his new friend, a mysterious kid who just transferred from Fiji...
521 _a600
_bLexile estimate
521 _aN
_bRaz-Plus
650 0 _aTeenage girls
_vJuvenile fiction.
655 7 _aChildren's stories.
_2lcsh
655 7 _aRadio and television novels.
_2gsafd
700 1 _aMinsky, Terri.
_eSeries Creator
700 1 _aGould, Melissa.
_eTelevision writer
700 1 _aBargiel, Nina G.
_eTelevision writer
700 1 _aBargiel, Jeremy J.
_eTelevision writer
906 _a7
_bcbc
_ccopycat
_d2
_encip
_f20
_gy-genrareb
942 _2ddc
_cBK
_n0
999 _c2730
_d2730